<?xml version="1.0" encoding="UTF-8"?>
<record
    xmlns:xsi="http://www.w3.org/2001/XMLSchema-instance"
    xsi:schemaLocation="http://www.loc.gov/MARC21/slim http://www.loc.gov/standards/marcxml/schema/MARC21slim.xsd"
    xmlns="http://www.loc.gov/MARC21/slim">

  <leader>00394nam a2200121Ia 4500</leader>
  <controlfield tag="008">180305s9999    xx            000 0 und d</controlfield>
  <datafield tag="020" ind1=" " ind2=" ">
    <subfield code="a">9781138658615</subfield>
  </datafield>
  <datafield tag="100" ind1=" " ind2=" ">
    <subfield code="a">Schwarz, Eric C.</subfield>
  </datafield>
  <datafield tag="245" ind1=" " ind2=" ">
    <subfield code="c">Eric C. Schwarz, Hans Westerbeek, Dongfeng Liu, Paul Emer, Paul Turner</subfield>
    <subfield code="a">Managing Sport Facilities and Major Events</subfield>
  </datafield>
  <datafield tag="250" ind1=" " ind2=" ">
    <subfield code="a">2nd ed.</subfield>
  </datafield>
  <datafield tag="260" ind1=" " ind2=" ">
    <subfield code="a">USA</subfield>
    <subfield code="b">Routledge</subfield>
    <subfield code="c">2017</subfield>
  </datafield>
  <datafield tag="300" ind1=" " ind2=" ">
    <subfield code="a">v, 306 Pages</subfield>
  </datafield>
  <datafield tag="999" ind1=" " ind2=" ">
    <subfield code="c">356038</subfield>
    <subfield code="d">356038</subfield>
  </datafield>
  <datafield tag="952" ind1=" " ind2=" ">
    <subfield code="0">0</subfield>
    <subfield code="1">0</subfield>
    <subfield code="4">0</subfield>
    <subfield code="a">CL</subfield>
    <subfield code="b">CL</subfield>
    <subfield code="c">RES</subfield>
    <subfield code="d">2018-03-05</subfield>
    <subfield code="e">Donation</subfield>
    <subfield code="l">2</subfield>
    <subfield code="m">1</subfield>
    <subfield code="o">GV 401 .Sch411 2017</subfield>
    <subfield code="p">c21288</subfield>
    <subfield code="r">2019-03-22 00:00:00</subfield>
    <subfield code="s">2019-02-22</subfield>
    <subfield code="w">2018-03-05</subfield>
    <subfield code="y">BK</subfield>
  </datafield>
</record>
